Statistiken für Serien erraten mit Bildern - Teil 6

Klicken Sie hier um das Quiz zu spielen!

Allgemein

  • Dieses Quiz wurde 419 mal gespielt
  • Das Durchschnittsergebnis liegt bei 4 aus 16

Antwortstatistiken

Antwort% Korrekt
South Park
94%
Pretty Little Liars
57%
Riverdale
53%
Mord ist ihr Hobby
38%
Seinfeld
33%
MacGyver
30%
Immer wieder Jim
25%
Psych
22%
Mr. Robot
21%
Chicago Med
16%
This is Us
14%
Heroes
13%
Mad Men
13%
Nip/Tuck
11%
The Strain
3%
Lipstick Jungle
2%

Verteilung der Resultate

Perzentil nach korrekt beantworteten Fragen

Anzahl Personen mit jedem Resultat

Ihre Resultats-Entwicklung

Sie haben dieses Quiz noch nicht gespielt